| 000 | 00614nam a22001937a 4500 | ||
|---|---|---|---|
| 999 |
_c15251 _d15251 |
||
| 003 | AR-CdUCM | ||
| 008 | 190425b ||||| |||| 00| 0 spa d | ||
| 040 |
_aMUNICIPALIDAD PROVINCIAL DEL CUSCO _cBIBLIOTECA MUNICIPAL DEL CUSCO |
||
| 082 |
_aPI / 461.1 / _bN29 |
||
| 110 |
_aCorporación gráfica navarrete _928585 |
||
| 245 |
_aMi primer : _bABC / |
||
| 260 |
_aPerú : _bNavarrete, |
||
| 300 |
_bIlustraciones, _c31 cm. |
||
| 505 | _aContenido : Mi primer abc ... | ||
| 650 |
_aAprendo con papá y mamá _934112 |
||
| 650 |
_aTexto para niños (as) _934114 |
||
| 942 |
_2ddc _cLIBROS |
||
| 945 |
_arum _d2019-04-26 |
||